[Event "Rejfiouv memorial 2008"]
[Site "Praha 5,Radlice, Pechlatova 2"]
[Date "2008.04.15"]
[Round "1.1"]
[White "Pertlova, Sona"]
[Black "Gregor, Jiri"]
[Result "1-0"]
[WhiteElo "2159"]
[BlackElo "2271"]
[PlyCount "51"]
[EventDate "2008.04.15"]

1. d4 c5 2. d5 e5 3. c4 d6 4. Nc3 Be7 5. Nf3 Nf6 6. e4 h5 7. Be2 h4 8. h3 g6 9.
O-O Nbd7 10. a3 Nh5 11. Ne1 a6 12. Nd3 Bg5 13. b4 b6 14. Qa4 Bxc1 15. Raxc1 Qf6
16. Qc6 Rb8 17. Bg4 Ke7 18. bxc5 bxc5 19. Rb1 Nf4 20. Rxb8 Nxb8 21. Qc7+ Nd7
22. Nxf4 exf4 23. Na4 Rd8 24. Nb6 Kf8 25. Bxd7 Qe7 26. Nxc8 1-0

[Event "Rejfiouv memorial 2008"]
[Site "Praha 5,Radlice, Pechlatova 2"]
[Date "2008.04.15"]
[Round "1.2"]
[White "Kojetsky, Pavel"]
[Black "Hausner, Ivan"]
[Result "0-1"]
[WhiteElo "2146"]
[BlackElo "2394"]
[PlyCount "140"]
[EventDate "2008.04.15"]

1. e4 c5 2. Nf3 d6 3. d4 cxd4 4. Nxd4 Nf6 5. Nc3 a6 6. g3 e6 7. Bg2 Bd7 8. O-O
Nc6 9. Nce2 Be7 10. c4 O-O 11. b3 Qc7 12. Bb2 Rac8 13. Rc1 Qb8 14. Nc2 Rfd8 15.
Ne3 b5 16. Nf4 Be8 17. Qe2 Ne5 18. Rfd1 bxc4 19. Nxc4 Bb5 20. Bxe5 dxe5 21.
Rxd8+ Bxd8 22. Nd3 a5 23. Qb2 Nd7 24. Bf1 Bxc4 25. bxc4 Qxb2 26. Nxb2 Nc5 27.
Nd3 Nxe4 28. Nxe5 Bb6 29. Nd3 Bd4 30. Bg2 Nc3 31. Rc2 Rxc4 32. Nb2 Rc5 33. Bf1
e5 34. Kg2 Nxa2 35. Rxc5 Bxc5 36. Nc4 a4 37. Nxe5 a3 38. Bc4 Nb4 39. Nxf7 g6
40. Ng5+ Kh8 41. Ne4 Bd4 42. f4 a2 43. Bxa2 Nxa2 44. f5 gxf5 45. Nd6 f4 46.
gxf4 Ba7 47. Nb5 Bb8 48. Kf3 Nb4 49. Nd4 Nd5 50. Ne2 Kg7 51. Ke4 Ne7 52. Ng3
Kg6 53. h4 Kf6 54. Kf3 Nd5 55. Kg4 Kg6 56. h5+ Kg7 57. f5 Bxg3 58. Kxg3 Kf6 59.
Kg4 h6 60. Kf3 Kxf5 61. Kg3 Kg5 62. Kh3 Nf4+ 63. Kg3 Nxh5+ 64. Kh3 Nf4+ 65. Kg3
h5 66. Kf3 h4 67. Kf2 Kg4 68. Kf1 Kg3 69. Kg1 h3 70. Kh1 Nd3 0-1

[Event "Rejfiouv memorial 2008"]
[Site "Praha 5,Radlice, Pechlatova 2"]
[Date "2008.04.15"]
[Round "1.3"]
[White "Rosko, Lubos"]
[Black "Seleljo, Daniel"]
[Result "1-0"]
[WhiteElo "2226"]
[BlackElo "2275"]
[PlyCount "83"]
[EventDate "2008.04.15"]

1. d4 Nf6 2. c4 g6 3. Nc3 Bg7 4. Nf3 d6 5. g3 O-O 6. Bg2 c6 7. O-O Qa5 8. h3
Qa6 9. b3 b5 10. cxb5 cxb5 11. a4 b4 12. Nb5 Qb6 13. Ne5 $11 dxe5 14. dxe5 Ne8
15. Be3 Qa6 16. Qd5 Bxe5 17. Qxe5 Nc6 18. Qe4 Bb7 19. Rac1 Rc8 20. Rfd1 Nf6 21.
Qh4 Na5 22. Bxb7 Qxb7 23. Qxb4 Nc6 24. Qa3 a6 25. Nd4 Nb4 26. Qb2 Qd5 27. Nc6
Qe6 28. Nxb4 Qxh3 29. Qe5 Ng4 30. Qe4 Qh2+ 31. Kf1 Nxe3+ 32. fxe3 Qxg3 33. Nd5
Rce8 34. Rc4 Kg7 35. Qf3 Qb8 36. b4 f5 37. Nc7 Rc8 38. Qc6 Kg8 39. Qe6+ Rf7 40.
Nxa6 Rxc4 41. Nxb8 f4 42. Qxc4 1-0

[Event "Rejfiouv memorial 2008"]
[Site "Praha 5,Radlice, Pechlatova 2"]
[Date "2008.04.15"]
[Round "1.4"]
[White "Docekal, Jan"]
[Black "Kubecka, David"]
[Result "1-0"]
[WhiteElo "2236"]
[BlackElo "2314"]
[PlyCount "129"]
[EventDate "2008.04.15"]

1. e4 d6 2. d4 g6 3. Nc3 Bg7 4. Bc4 c6 5. a4 Nf6 6. f3 O-O 7. Be3 d5 8. exd5
Nxd5 9. Nxd5 cxd5 10. Bb3 Nc6 11. c3 b6 12. Ne2 Ba6 13. O-O e6 14. Re1 Bxe2 15.
Qxe2 Rc8 16. Bc2 Na5 17. Bd3 Nc4 18. Bf4 a5 19. Qf2 Qd7 20. Rab1 Rfd8 21. h4
Nd6 22. Bxd6 Qxd6 23. f4 f5 24. Re3 Kf7 25. Rbe1 Re8 26. h5 Bh6 27. g3 Re7 28.
Qh2 Rh8 29. Qh3 Bg7 30. Kh1 Bf6 $11 31. Rf1 Rg8 32. g4 Ke8 33. g5 Bg7 34. Kg2
Kf7 35. Kf3 Rc8 36. Rfe1 Rcc7 37. R1e2 Rc8 38. h6 Bf8 39. Re5 Rcc7 40. Kg3 Kg8
41. Qf1 Kf7 42. R2e3 Qd7 43. Bb5 Qc8 44. Qe2 Ra7 45. b3 Rac7 46. Ba6 Qd7 47.
Bb5 Qd6 48. Qd2 Qa3 49. c4 Qd6 50. Qd3 Rc8 51. Re2 Rcc7 52. Qe3 Rc8 53. Qf3
dxc4 54. Bxc4 Rxc4 55. bxc4 Qxd4 56. Qe3 Qxc4 57. Qxb6 Qd3+ 58. R5e3 Qd5 59.
Qb2 Qh1 60. Qf6+ Ke8 61. Rxe6 Qg1+ 62. Rg2 Qc5 63. Qe5 Qb4 64. Re2 Kd7 65. Qd5+
1-0

[Event "Rejfiouv memorial 2008"]
[Site "Praha 5,Radlice, Pechlatova 2"]
[Date "2008.04.15"]
[Round "1.5"]
[White "Smid, Miroslav"]
[Black "Jedlicka, Ales"]
[Result "1/2-1/2"]
[WhiteElo "2230"]
[BlackElo "2324"]
[PlyCount "39"]
[EventDate "2008.04.15"]

1. e4 c5 2. Nf3 d6 3. Bb5+ Bd7 4. Bxd7+ Nxd7 5. O-O Ngf6 6. Re1 e6 7. c3 Be7 8.
d4 cxd4 9. cxd4 d5 10. e5 Ne4 11. Nc3 Nxc3 12. bxc3 Rc8 13. Re3 Qa5 14. Bd2 Nb6
15. c4 Qa6 16. c5 Nc4 17. Rb3 b6 18. cxb6 axb6 19. Bg5 h6 20. Bxe7 $11 1/2-1/2

[Event "Rejfiouv memorial 2008"]
[Site "Praha 5,Radlice, Pechlatova 2"]
[Date "2008.04.15"]
[Round "1.6"]
[White "Clery, Nicolas"]
[Black "Haba, Zdenek"]
[Result "1/2-1/2"]
[WhiteElo "2379"]
[BlackElo "2185"]
[PlyCount "210"]
[EventDate "2008.04.15"]

1. d4 Nf6 2. c4 g6 3. Nc3 Bg7 4. e4 d6 5. Nf3 O-O 6. Be2 e5 7. d5 a5 8. Bg5 h6
9. Bh4 Na6 10. Nd2 Nc5 11. b3 g5 12. Bg3 Nh7 13. a3 f5 14. f3 h5 15. Bf2 fxe4
16. fxe4 g4 17. O-O Bh6 18. Ra2 Rxf2 19. Rxf2 Be3 20. Qe1 Bd7 21. Bf1 Qg5 22.
Kh1 Bxf2 23. Qxf2 a4 24. b4 Nb3 25. Qe1 Nd4 26. c5 Rf8 27. Nc4 Qg6 28. Rf2 Rxf2
29. Qxf2 Ng5 30. Bd3 Nf7 31. Kg1 Qg5 32. Qe3 Qxe3+ 33. Nxe3 dxc5 34. bxc5 Nb3
35. c6 bxc6 36. dxc6 Bxc6 37. Ned5 Bxd5 38. exd5 Nc5 39. Bc2 Nd6 40. Nxa4 Nxa4
41. Bxa4 Kf8 42. Bc6 Ke7 43. Kf2 Nf5 44. a4 Kd6 45. g3 Kc5 46. Be8 Kxd5 47.
Bxh5 Nh6 48. Ke3 Nf5+ 49. Kd2 Nh6 50. Bg6 Kd4 51. a5 Kc5 52. Bd3 Ng8 53. Be2
Nf6 $11 54. Bf1 Nd5 55. Bd3 c6 56. Be2 Nf6 57. Bf1 Nd7 58. Ke3 Nf6 59. Bd3 Kd6
60. Bf5 Kc5 61. Bd3 Kd6 62. Kd2 Kc5 63. Be2 Kd6 64. Kc3 Kc5 65. Kb3 Ne4 66. a6
Kb6 67. Kc2 Nf6 68. Kd2 Ka7 69. Kc3 Kb6 70. Kb4 Nd5+ 71. Ka3 Nf6 72. Kb3 Ka7
73. Kb4 Kb6 74. a7 Kxa7 75. Kc5 Kb7 76. Kd6 e4 77. Ke5 Nd5 78. Bxg4 e3 79. Kd4
Kc7 80. Bf3 Kd6 81. Kd3 Ne7 82. Kxe3 Ke5 83. Kd3 c5 84. Kc4 Kd6 85. Be4 Ke5 86.
Bh7 Kd6 87. Kd3 Ke5 88. Ke3 Nd5+ 89. Kf3 c4 90. Ke2 Nf6 91. Bg6 Ng4 92. h4 Kf6
93. Be4 Kg7 94. Kd2 Nf6 95. Bf3 Nd7 96. Kc3 Kf6 97. Be2 Ne5 98. h5 Kg5 99. Kd4
Nf7 100. Kxc4 Nd6+ 101. Kc5 Nf5 102. g4 Nh6 103. Kd6 Nxg4 104. Bxg4 Kh6 105.
Ke7 Kg7 1/2-1/2

[Event "Rejfiouv memorial 2008"]
[Site "Praha 5,Radlice, Pechlatova 2"]
[Date "2008.04.22"]
[Round "2.1"]
[White "Gregor, Jiri"]
[Black "Haba, Zdenek"]
[Result "0-1"]
[WhiteElo "2271"]
[BlackElo "2185"]
[PlyCount "118"]
[EventDate "2008.04.15"]

1. d4 Nf6 2. Nf3 g6 3. c4 c5 4. d5 b5 5. cxb5 a6 6. b6 d6 7. Nc3 Bg7 8. h3 O-O
9. e4 Nbd7 10. a4 a5 11. Bf4 Qxb6 12. Bb5 Ba6 13. Nd2 Bxb5 14. Nxb5 Rfb8 15.
O-O Qd8 16. Rb1 Nb6 17. b3 Ne8 18. Nc4 Nc7 19. Nba3 Nxc4 20. bxc4 Rxb1 21. Qxb1
Rb8 22. Nb5 Nxb5 23. cxb5 c4 24. Be3 c3 25. Qd3 Qc7 26. Rb1 h5 27. Kf1 c2 28.
Rc1 Rc8 29. Ke1 Qc4 30. Qxc4 Rxc4 31. Kd2 Rxe4 32. Rxc2 Rxa4 33. b6 Rb4 34. Rc7
a4 35. Rxe7 a3 36. Ra7 Rb2+ 37. Kd3 a2 38. Kc4 Kf8 39. Ra8+ Ke7 40. Bg5+ f6 41.
Ra7+ Kf8 42. Be3 f5 43. Bf4 Rxb6 44. Rxa2 Bf6 45. Ra7 g5 46. Be3 Rb2 47. g3
Rc2+ 48. Kb5 h4 49. gxh4 f4 50. hxg5 fxe3 51. gxf6 exf2 52. Ra1 Kf7 53. Kb4
Kxf6 54. Kb3 Re2 55. Rf1 Ke5 56. Kc3 Ke4 57. h4 Ke3 58. Ra1 Re1 59. Ra8 Rc1+
0-1

[Event "Rejfiouv memorial 2008"]
[Site "Praha 5,Radlice, Pechlatova 2"]
[Date "2008.04.22"]
[Round "2.2"]
[White "Jedlicka, Ales"]
[Black "Clery, Nicolas"]
[Result "0-1"]
[WhiteElo "2324"]
[BlackElo "2379"]
[PlyCount "64"]
[EventDate "2008.04.15"]

1. c4 e6 2. Nf3 Nf6 3. g3 d5 4. Bg2 d4 5. O-O c5 6. d3 Nc6 7. e3 Be7 8. exd4
cxd4 9. Na3 O-O 10. Nc2 e5 11. b4 Nd7 12. c5 a6 13. Rb1 Rb8 14. Nd2 Nf6 15. Nc4
Nd5 16. Bd2 Bf5 17. Qf3 Be6 18. a4 Nf6 19. N2a3 Bg4 20. Qxc6 bxc6 21. Nxe5 Bd7
22. Nxc6 Bxc6 23. Bxc6 Qc8 24. Bg2 Qf5 25. Nc4 Qxd3 26. Rbc1 Rfe8 27. Rfd1 Qb3
28. Nb6 Bd8 29. a5 Bc7 30. Bf1 h6 31. Bxa6 Qf3 32. Bf1 Ng4 0-1

[Event "Rejfiouv memorial 2008"]
[Site "Praha 5,Radlice, Pechlatova 2"]
[Date "2008.04.22"]
[Round "2.3"]
[White "Kubecka, David"]
[Black "Smid, Miroslav"]
[Result "1/2-1/2"]
[WhiteElo "2314"]
[BlackElo "2230"]
[PlyCount "169"]
[EventDate "2008.04.15"]

1. e4 e5 2. Nf3 Nc6 3. Bb5 Nd4 4. Nxd4 exd4 5. O-O Bc5 6. Qh5 Qe7 7. d3 c6 8.
Bc4 d6 9. Bg5 Nf6 10. Qh4 h6 11. f4 Rg8 12. Bxf6 Qxf6 13. Qxf6 gxf6 14. f5 b5
15. Bb3 a5 16. a4 Bd7 17. Nd2 Ke7 18. Rf4 Bb6 19. Rh4 Rh8 20. Rf1 Bc5 21. Ra1
Bb6 22. Kf2 Bc7 23. Nf3 c5 24. axb5 Bxb5 25. Ba4 Ba6 26. Bc6 Rab8 27. b3 Rb6
28. Bd5 Rb4 29. Nd2 Bb5 30. Ke2 a4 31. bxa4 Bxa4 32. Bb3 Bc6 33. Ra7 Rb7 34.
Rxb7 Bxb7 35. Rg4 Bc6 36. Rg7 Be8 37. Rg4 Ba5 38. Nc4 Bc7 39. Rh4 Bb5 40. Nd2
Bd7 41. Nf3 Ba5 42. Rg4 Be8 43. g3 Bc3 44. Nh4 Bb2 45. Kd1 Bc3 46. Ng2 Ba5 47.
Nf4 Bd8 48. Nh5 Kf8 49. Rg7 Ke7 50. Ke2 Kf8 51. Bd5 Ke7 52. Bc4 Kf8 53. Kf3 Ke7
54. Kg4 Ba5 55. Kf3 Bd2 56. Ke2 Bc1 57. Bb3 Bg5 58. h4 Bc1 59. Rg4 Bd7 60. Nf4
Bxf4 61. Rxf4 Rg8 62. Rf3 Bc6 63. Kd2 Ra8 64. Rf1 Rg8 65. Ra1 Ra8 66. Rxa8 Bxa8
67. c3 dxc3+ 68. Kxc3 Bc6 69. Bd5 Bb5 70. d4 cxd4+ 71. Kxd4 Be2 72. Bc4 Bf3 73.
Ke3 Bd1 74. Be2 Bb3 75. Bb5 Bd1 76. Bc6 Bc2 77. Kd4 Bd1 78. Bd5 Bc2 79. Kc4 Ba4
80. Kb4 Bd1 81. Kb5 Bc2 82. Kc6 Ba4+ 83. Kb6 Bd1 84. Kc7 Bc2 85. Kb6 1/2-1/2

[Event "Rejfiouv memorial 2008"]
[Site "Praha 5,Radlice, Pechlatova 2"]
[Date "2008.04.22"]
[Round "2.4"]
[White "Seleljo, Daniel"]
[Black "Docekal, Jan"]
[Result "1-0"]
[WhiteElo "2275"]
[BlackElo "2236"]
[PlyCount "143"]
[EventDate "2008.04.15"]

1. d4 Nf6 2. Nf3 c5 3. d5 g6 4. Nc3 Bg7 5. e4 d6 6. Bb5+ Nfd7 7. Be2 O-O 8. O-O
Na6 9. Bg5 Nc7 10. a4 b6 11. Nd2 Rb8 12. f4 Qe8 13. Kh1 a6 14. Nc4 b5 15. axb5
axb5 16. Na5 b4 17. Na4 Bb7 18. Bc4 Ba8 19. e5 dxe5 20. Nc6 Bxc6 21. dxc6 Nb6
22. Nxb6 Rxb6 23. fxe5 e6 24. Bf6 Qxc6 25. Qe1 Nd5 26. Bxg7 Kxg7 27. Rd1 Rd8
28. Qh4 Rbb8 29. Rxf7+ Kxf7 30. Qxh7+ Ke8 31. Bd3 Rd7 32. Qg8+ Ke7 33. Qxb8 Ne3
34. Rg1 Rd8 35. Qa7+ Rd7 36. Qa5 Rd8 37. Qa7+ Rd7 38. Qa1 c4 39. Bxg6 Qc5 40.
Qa8 Qxe5 41. Qe8+ Kd6 42. Qb8+ Kd5 43. Qb5+ Kd6 44. Qxb4+ Kc7 45. h3 Qd4 46.
Qa5+ Kd6 47. Qa3+ Kc7 48. Re1 Nd1 49. Qg3+ Kc8 50. Rxe6 Nf2+ 51. Kh2 Kb7 52. c3
Qc5 53. Qe5 Qxe5+ 54. Rxe5 Rd2 55. Rb5+ Kc6 56. Rb4 Kd6 57. Rxc4 Rxb2 58. Rb4
Ra2 59. h4 Ke5 60. h5 Kf6 61. Kg3 Nd1 62. Rf4+ Kg5 63. Rf5+ Kh6 64. Rf3 Re2 65.
Kh3 Ne3 66. Bd3 Re1 67. Kg3 Nd5 68. c4 Nb4 69. Bg6 Nc6 70. Rf6 Ne5 71. Re6 Re3+
72. Kf4 1-0

[Event "Rejfiouv memorial 2008"]
[Site "Praha 5,Radlice, Pechlatova 2"]
[Date "2008.04.22"]
[Round "2.5"]
[White "Hausner, Ivan"]
[Black "Rosko, Lubos"]
[Result "1-0"]
[WhiteElo "2394"]
[BlackElo "2226"]
[PlyCount "53"]
[EventDate "2008.04.15"]

1. e4 c5 2. Nf3 d6 3. d4 cxd4 4. Nxd4 Nf6 5. Nc3 a6 6. Bg5 e6 7. f4 Be7 8. Qf3
Qc7 9. O-O-O Nbd7 10. g4 h6 11. Bxf6 Bxf6 12. h4 Qc5 13. Nb3 Qc7 14. Rd3 Nc5
15. Nxc5 Qxc5 16. g5 Be7 17. Bh3 Bd7 18. Rhd1 Rc8 19. Qg2 hxg5 20. hxg5 Rc7 21.
Kb1 b5 22. e5 Bc6 23. Qd2 d5 24. g6 Rh6 25. f5 exf5 26. Qxh6 gxh6 27. g7 1-0

[Event "Rejfiouv memorial 2008"]
[Site "Praha 5,Radlice, Pechlatova 2"]
[Date "2008.04.22"]
[Round "2.6"]
[White "Pertlova, Sona"]
[Black "Kojetsky, Pavel"]
[Result "1/2-1/2"]
[WhiteElo "2159"]
[BlackElo "2146"]
[PlyCount "111"]
[EventDate "2008.04.15"]

1. d4 d5 2. c4 e6 3. Nf3 c5 4. cxd5 exd5 5. g3 Nc6 6. Bg2 cxd4 7. Nxd4 Bc5 8.
Nxc6 bxc6 9. O-O Nf6 10. Nc3 Bf5 11. Bf4 Rc8 12. Rc1 O-O 13. Na4 Bd6 14. Be3
Qe7 15. Nc5 Rb8 16. Bd4 Rb5 17. Nb3 Rc8 18. a4 Rb4 19. Nc5 Be5 20. Bxe5 Qxe5
21. b3 Nd7 22. Qe1 a5 23. Nd3 Bxd3 24. exd3 Qd6 25. Qd1 Nc5 26. Rc3 d4 27. Rc4
Nxb3 28. Qg4 Qe6 29. Qxe6 fxe6 30. Rxb4 axb4 31. Rb1 Nc5 32. Rxb4 e5 33. Bf1
Ra8 34. Rc4 Ra5 35. f4 Nxa4 36. fxe5 c5 37. Rc2 Nc3 38. Rb2 Rb5 39. Rf2 Nd1 40.
Ra2 Rb1 41. Ra8+ Kf7 42. Ra7+ Kg6 43. Bh3 Nb2+ 44. Kg2 Nxd3 45. e6 Re1 46. Rc7
h5 47. e7 Kf7 48. Bf5 Re2+ 49. Kf3 Re3+ 50. Kg2 Ne1+ 51. Kf1 Nf3 52. Rxc5 Kxe7
53. Rd5 Nxh2+ 54. Kf2 Nf3 55. Bg6 Ra3 56. Bxh5 $11 1/2-1/2

[Event "Rejfiouv memorial 2008"]
[Site "Praha 5,Radlice, Pechlatova 2"]
[Date "2008.04.29"]
[Round "3.1"]
[White "Kojetsky, Pavel"]
[Black "Gregor, Jiri"]
[Result "1-0"]
[WhiteElo "2146"]
[BlackElo "2271"]
[PlyCount "103"]
[EventDate "2008.04.15"]

1. c4 c5 2. Nf3 b6 3. g3 Bb7 4. Bg2 Nf6 5. Nc3 e6 6. O-O a6 7. b3 Be7 8. Bb2 d6
9. e3 Nbd7 10. d4 O-O 11. Re1 Qc7 12. e4 cxd4 13. Nxd4 Rac8 14. Qe2 Rfe8 15.
Rad1 Nf8 16. Rd3 Ng6 17. h3 h5 18. Rf1 h4 19. f4 e5 20. Nf5 exf4 21. gxf4 d5
22. Nxe7+ Rxe7 23. e5 dxc4 24. Re3 Bxg2 25. Kxg2 Qc6+ 26. Kg1 Nd7 27. f5 Ngxe5
28. f6 Re6 29. Ne4 Rce8 30. Ng5 Rxf6 31. Bxe5 Nxe5 32. Rxe5 Rxf1+ 33. Qxf1 Rf8
34. Qf3 Qg6 35. Qe4 Qh6 36. Nf3 cxb3 37. axb3 Qc1+ 38. Qe1 Qf4 39. Re3 g5 40.
Kg2 Kg7 41. Re4 Qf5 42. Nxg5 Rc8 43. Qf2 Qd5 44. Kh2 Qxb3 45. Ne6+ Qxe6 46.
Rxe6 fxe6 47. Qxb6 Re8 48. Qxa6 e5 49. Kg2 e4 50. Kf2 e3+ 51. Ke2 Re5 52. Qa4
1-0

[Event "Rejfiouv memorial 2008"]
[Site "Praha 5,Radlice, Pechlatova 2"]
[Date "2008.04.29"]
[Round "3.2"]
[White "Rosko, Lubos"]
[Black "Pertlova, Sona"]
[Result "1-0"]
[WhiteElo "2226"]
[BlackElo "2159"]
[PlyCount "113"]
[EventDate "2008.04.15"]

1. d4 Nf6 2. c4 e6 3. Nf3 b6 4. a3 Bb7 5. Nc3 d5 6. cxd5 exd5 7. g3 Bd6 8. Bh3
O-O 9. O-O Ne4 10. Nb5 Nd7 11. Nxd6 cxd6 12. Qa4 Ndf6 13. Nh4 h6 14. f3 Ng5 15.
Bf5 g6 16. Bd3 Kg7 17. Bd2 Qe7 18. Rac1 a5 19. Qb3 Rfb8 20. Rc3 Ne6 21. e3 b5
22. Qc2 Qe8 23. Rc1 b4 24. axb4 axb4 25. Rb3 Bc8 26. Rxb4 Rxb4 27. Bxb4 Ng5 28.
Kf2 Nh3+ 29. Ke2 Bd7 30. Bxd6 Rc8 31. Qd2 Bb5 32. Rc5 Rxc5 33. dxc5 d4 34. Bxb5
Qxb5+ 35. Ke1 dxe3 36. Qxe3 Qxb2 37. Be5 Qb1+ 38. Kd2 g5 39. Bxf6+ Kxf6 40.
Qd4+ Ke7 41. Qd6+ Ke8 42. Qe5+ Kd7 43. Qf5+ Qxf5 44. Nxf5 h5 45. Nd4 Nf2 46.
Ke2 Nh3 47. Kf1 g4 48. f4 h4 49. Kg2 Kc7 50. Nf5 hxg3 51. hxg3 Kc6 52. Nh6 f5
53. Nxf5 Kxc5 54. Ne3 Kd4 55. Nxg4 Nxf4+ 56. gxf4 Ke4 57. Kg3 1-0

[Event "Rejfiouv memorial 2008"]
[Site "Praha 5,Radlice, Pechlatova 2"]
[Date "2008.04.29"]
[Round "3.3"]
[White "Docekal, Jan"]
[Black "Hausner, Ivan"]
[Result "1-0"]
[WhiteElo "2236"]
[BlackElo "2394"]
[PlyCount "83"]
[EventDate "2008.04.15"]

1. e4 c5 2. Nf3 Nf6 3. Nc3 Nc6 4. d4 d5 5. exd5 Nxd5 6. Nxd5 Qxd5 7. Be3 cxd4
8. Nxd4 Nxd4 9. Qxd4 Qxd4 10. Bxd4 Bd7 11. O-O-O h5 12. Bd3 Bc6 13. f3 h4 14.
h3 Rh5 15. Rhe1 e6 16. Rxe6+ fxe6 17. Bg6+ Kd7 18. Bxh5 Bd5 19. Bg6 Kc6 20. b3
b5 21. Bd3 b4 22. Re1 Bd6 23. Be4 g5 24. Bxd5+ Kxd5 25. Re4 Bf4+ 26. Kb2 a5 27.
c3 e5 28. c4+ Ke6 29. Be3 Rd8 30. Kc2 Rd7 31. Bc1 Ra7 32. Re2 a4 33. Bxf4 gxf4
34. bxa4 Rxa4 35. Kb3 Ra8 36. Kxb4 Rb8+ 37. Kc3 Ra8 38. Rd2 e4 39. fxe4 Ke5 40.
c5 Kxe4 41. Kc4 Ke3 42. Rb2 1-0

[Event "Rejfiouv memorial 2008"]
[Site "Praha 5,Radlice, Pechlatova 2"]
[Date "2008.04.29"]
[Round "3.4"]
[White "Smid, Miroslav"]
[Black "Seleljo, Daniel"]
[Result "0-1"]
[WhiteElo "2230"]
[BlackElo "2275"]
[PlyCount "80"]
[EventDate "2008.04.15"]

1. e4 d5 2. exd5 Nf6 3. d4 Nxd5 4. c4 Nb6 5. Nf3 g6 6. h3 Bg7 7. Nc3 O-O 8. Be3
Nc6 9. Rc1 e5 10. d5 Ne7 11. Be2 Nf5 12. Bc5 Re8 13. O-O Nd7 14. Ba3 e4 15. Ne1
Qg5 16. Bg4 Nb6 17. Ne2 c6 18. dxc6 bxc6 19. b3 h5 20. Bxf5 Bxf5 21. Ng3 Rad8
22. Qe2 Rd2 23. Qe3 Qxe3 24. fxe3 Rxa2 25. Nc2 Bc8 26. Bd6 Rb2 27. Nb4 h4 28.
Nh1 Bh6 29. Rc3 Rd2 30. Bf4 g5 31. Bc7 Re6 32. Nf2 f5 33. Rc2 Rd7 34. Bh2 c5
35. Na2 Bg7 36. Nc3 Rd3 37. Nxd3 exd3 38. Rd2 Bxc3 39. Rxd3 Rxe3 40. Rxe3 Bd4
0-1

[Event "Rejfiouv memorial 2008"]
[Site "Praha 5,Radlice, Pechlatova 2"]
[Date "2008.04.29"]
[Round "3.5"]
[White "Clery, Nicolas"]
[Black "Kubecka, David"]
[Result "1-0"]
[WhiteElo "2379"]
[BlackElo "2314"]
[PlyCount "103"]
[EventDate "2008.04.15"]

1. d4 Nf6 2. c4 g6 3. Nc3 Bg7 4. e4 d6 5. Bg5 h6 6. Be3 c5 7. d5 e6 8. e5 Ng4
9. Qxg4 exd5 10. Qf3 d4 11. Ne4 dxe5 12. Bd2 Na6 13. g4 Nb4 14. Bxb4 cxb4 15.
c5 O-O 16. Bc4 Kh7 17. h4 Be6 18. Bxe6 fxe6 19. Qd3 Kg8 20. Ne2 Qd5 21. Rg1 b6
22. c6 Rac8 23. g5 h5 24. Nf6+ Bxf6 25. gxf6 Rxf6 26. Rxg6+ Kf7 27. Rg5 Rxc6
28. Qh7+ Ke8 29. Rg8+ Rf8 30. Qg6+ Ke7 31. Qg5+ Ke8 32. Qxh5+ Ke7 33. Qg5+ Ke8
34. Qg6+ Ke7 35. Qg5+ Ke8 36. Ng3 Rxg8 37. Qxg8+ Kd7 38. Qh7+ Kc8 39. Qe4 Qb5
40. Ne2 b3 41. axb3 Qb4+ 42. Kf1 Rc7 43. Rc1 Qb5 44. Rxc7+ Kxc7 45. Kg2 d3 46.
Nc3 Qxb3 47. Qxe5+ Kd7 48. Qb5+ Qxb5 49. Nxb5 d2 50. Nc3 a5 51. Kf1 b5 52. Ke2
1-0

[Event "Rejfiouv memorial 2008"]
[Site "Praha 5,Radlice, Pechlatova 2"]
[Date "2008.04.29"]
[Round "3.6"]
[White "Haba, Zdenek"]
[Black "Jedlicka, Ales"]
[Result "1/2-1/2"]
[WhiteElo "2185"]
[BlackElo "2324"]
[PlyCount "90"]
[EventDate "2008.04.15"]

1. e4 c5 2. c3 d5 3. exd5 Qxd5 4. d4 Nf6 5. Nf3 e6 6. Be2 Nc6 7. Na3 Qd8 8. Nc2
Be7 9. dxc5 Qxd1+ 10. Bxd1 Bxc5 11. Be3 Be7 12. Ncd4 Bd7 13. Ba4 Nd5 14. Nxc6
Nxe3 15. fxe3 Bxc6 16. Bxc6+ bxc6 17. O-O-O Rc8 18. e4 Bc5 19. b4 Be3+ 20. Kc2
Ke7 21. Rd3 Bf4 22. g3 Bc7 23. Rhd1 Rhd8 24. c4 Rxd3 25. Rxd3 a5 26. bxa5 Bxa5
27. Ra3 Bc7 28. Ra6 Kd6 29. Ne1 h5 30. Nd3 h4 31. e5+ Kd7 32. Nc5+ Kd8 33. Nb7+
Ke7 34. Rxc6 Kd7 35. Rc5 Ra8 36. Kb3 hxg3 37. hxg3 Ra7 38. Nd6 Bxd6 39. exd6
Kxd6 40. Rg5 f5 41. Rg6 Rb7+ 42. Kc3 Ra7 43. Kb3 Rb7+ 44. Kc3 Ra7 45. Kb3 Rb7+
$11 1/2-1/2

[Event "Rejfiouv memorial 2008"]
[Site "Praha 5,Radlice, Pechlatova 2"]
[Date "2008.05.06"]
[Round "4.1"]
[White "Gregor, Jiri"]
[Black "Jedlicka, Ales"]
[Result "1-0"]
[WhiteElo "2271"]
[BlackElo "2324"]
[PlyCount "79"]
[EventDate "2008.04.15"]

1. d4 Nf6 2. c4 e6 3. Nc3 c5 4. d5 exd5 5. cxd5 d6 6. Nf3 g6 7. h3 a6 8. a4 Qe7
9. Bf4 Bg7 10. e3 O-O 11. Be2 Nh5 12. Bh2 f5 13. Nd2 Nf6 14. Nc4 Rd8 15. Qb3
Ne8 16. O-O Nd7 17. Rfe1 Rb8 18. a5 Ne5 19. e4 Kh8 20. Nxe5 Bxe5 21. Bxe5+ dxe5
22. exf5 Bxf5 23. Bf3 Nd6 24. Re3 Re8 25. Rae1 Qf6 26. Qb6 Rbc8 27. Na4 e4 28.
Bd1 Rf8 29. f3 Bxh3 30. gxh3 Qg5+ 31. Kh1 Nf5 32. Qb3 exf3 33. Rxf3 Nd4 34. Rg3
Qf5 35. Bg4 Qf6 36. Qc3 Rc7 37. Nxc5 h5 38. Be6 Kh7 39. Nd7 Rxd7 40. Bxd7 1-0

[Event "Rejfiouv memorial 2008"]
[Site "Praha 5,Radlice, Pechlatova 2"]
[Date "2008.05.06"]
[Round "4.2"]
[White "Kubecka, David"]
[Black "Haba, Zdenek"]
[Result "1/2-1/2"]
[WhiteElo "2314"]
[BlackElo "2185"]
[PlyCount "74"]
[EventDate "2008.04.15"]

1. e4 e5 2. Nf3 Nc6 3. Bb5 a6 4. Bxc6 dxc6 5. O-O Qd6 6. d3 f6 7. Be3 Be6 8. d4
exd4 9. Nxd4 O-O-O 10. Nc3 Bc4 11. Qg4+ Qd7 12. Qxd7+ Rxd7 13. Rfd1 Bb4 14.
Nde2 Rxd1+ 15. Rxd1 Ne7 16. Rd4 b5 17. b3 c5 18. Rd1 Bf7 19. Nd5 Nxd5 20. exd5
c4 21. c3 Be7 22. bxc4 bxc4 23. Nd4 Bc5 24. Nf5 Bxe3 25. Nxe3 Rd8 26. f4 c6 27.
dxc6 Rxd1+ 28. Nxd1 Kc7 29. Kf2 Kxc6 30. Ke3 Kd5 31. Kf3 Kc5 32. Ke3 Bg6 33. g3
Bb1 34. a3 Bc2 35. Nb2 Kd5 36. Kd2 $11 Bb3 37. Ke3 Bc2 $11 1/2-1/2

[Event "Rejfiouv memorial 2008"]
[Site "Praha 5,Radlice, Pechlatova 2"]
[Date "2008.05.06"]
[Round "4.3"]
[White "Seleljo, Daniel"]
[Black "Clery, Nicolas"]
[Result "1/2-1/2"]
[WhiteElo "2275"]
[BlackElo "2379"]
[PlyCount "102"]
[EventDate "2008.04.15"]

1. c4 c5 2. Nf3 Nc6 3. d4 cxd4 4. Nxd4 g6 5. Nc3 Bg7 6. Nc2 d6 7. e4 Nf6 8. Be2
O-O 9. O-O Be6 10. b3 Rc8 11. Rb1 Nd7 12. Bb2 f5 13. exf5 Bxf5 14. Bd3 Bxd3 15.
Qxd3 Rf7 16. Qh3 Nf6 17. Nd5 Nh5 18. Bxg7 Nxg7 19. Rbd1 e6 20. Nc3 Qe7 21. c5
dxc5 22. Rfe1 Rcf8 23. Ne3 Nf5 24. Nxf5 Rxf5 25. Ne4 Nd4 26. b4 Nc2 27. bxc5
Nxe1 28. Rxe1 Qc7 29. Qc3 Qc6 30. h3 b6 31. g4 Rf4 32. Qe5 Qd5 33. Ng5 Rxf2 34.
Qxe6+ Qxe6 35. Nxe6 R8f6 36. c6 Rxa2 37. g5 Rff2 38. c7 Rg2+ 39. Kh1 Rh2+ 40.
Kg1 Rag2+ 41. Kf1 Rc2 42. Kg1 Rhg2+ 43. Kf1 Rgd2 44. Nd8 Rxc7 45. Re8+ Kg7 46.
Ne6+ Kf7 47. Nxc7 Rc2 48. Rh8 Kg7 49. Rc8 Kf7 50. Rh8 Kg7 51. Rc8 Kf7 $11
1/2-1/2

[Event "Rejfiouv memorial 2008"]
[Site "Praha 5,Radlice, Pechlatova 2"]
[Date "2008.05.06"]
[Round "4.4"]
[White "Hausner, Ivan"]
[Black "Smid, Miroslav"]
[Result "1-0"]
[WhiteElo "2394"]
[BlackElo "2230"]
[PlyCount "95"]
[EventDate "2008.04.15"]

1. c4 e6 2. g3 Nf6 3. Bg2 d5 4. d4 Be7 5. Nf3 O-O 6. O-O c6 7. Qc2 Nbd7 8. b3
Ne4 9. Nc3 f5 10. Bb2 Qe8 11. Rad1 Qh5 12. Ne1 Ndf6 13. f3 Nxc3 14. Bxc3 Bd7
15. Nd3 Rae8 16. Qd2 Bc8 17. Bb4 Nd7 18. Bxe7 Rxe7 19. Qf4 Rfe8 20. Ne5 Nxe5
21. Qxe5 h6 22. Rc1 Qf7 23. c5 Qf6 24. f4 Qxe5 25. fxe5 Bd7 26. Kf2 g5 27. b4
a6 28. Ke3 Kg7 29. Kd3 Rf8 30. e3 Be8 31. Rf2 Bg6 32. Kc3 Ref7 33. Rcf1 Re8 34.
a4 Rc7 35. Ra1 Ra8 36. Rfa2 Be8 37. Bf1 Rf7 38. Rf2 Bd7 39. Bd3 Be8 40. Raa2
Bd7 41. b5 axb5 42. axb5 Rxa2 43. Rxa2 f4 44. exf4 gxf4 45. gxf4 Rxf4 46. Ra7
cxb5 47. Rxb7 Rf7 48. Kb4 1-0